[Event "Ouest Toulousain op-B 6th"]
[Site "Fontenilles"]
[Date "2011.03.09"]
[Round "4"]
[White "Prieur, Axel"]
[Black "Bezy, Bernard"]
[Result "1-0"]
[WhiteElo "1695"]
[BlackElo "1610"]
[PlyCount "91"]
[EventDate "2011.03.07"]
[EventType "swiss"]
[EventRounds "9"]
[EventCountry "FRA"]
[SourceTitle "EXT 2012"]
[Source "ChessBase"]
[SourceDate "2011.11.24"]
[SourceVersion "1"]
[SourceVersionDate "2011.11.24"]
[SourceQuality "1"]

1. d4 c5 2. b3 cxd4 3. Qxd4 Nc6 4. Qd1 Nf6 5. Bb2 e6 6. e3 Be7 7. Nf3 0-0 8. a3 a6 9. Bd3 b5 10. 0-0 Bb7 11. Qe2 Qc7 12. Rd1 d5 13. Nbd2 e5 14. e4 d4 15. c4 b4 16. axb4 Nxb4 17. Bb1 Rfd8 18. Ne1 Bc8 19. Nd3 Bg4 20. f3 Bh5 21. Nxb4 Bxb4 22. Bd3 Nd7 23. g4 Bg6 24. f4 f6 25. f5 Bf7 26. Bc1 Nc5 27. Rb1 a5 28. Nf3 h6 29. h4 a4 30. bxa4 Nxa4 31. Rxb4 Nc3 32. Qe1 Qc5 33. Rb5 Nxb5 34. cxb5 Bb3 35. Nd2 Bxd1 36. Qxd1 Rdc8 37. Nb3 Qc3 38. g5 hxg5 39. hxg5 Ra1 40. gxf6 Rxc1 41. Nxc1 Qxc1 42. Qxc1 Rxc1+ 43. Kf2 gxf6 44. b6 Rc3 45. b7 Rb3 46. Bc4+ 1-0